| 000 | 01088cam a2200313 a 4500 | ||
|---|---|---|---|
| 001 | 17328490 | ||
| 005 | 20170105102919.0 | ||
| 008 | 120601s2013 enka b 001 0 eng | ||
| 010 | _a 2012019151 | ||
| 020 | _a9780415640732 (hbk. : alk. paper) | ||
| 020 | _a9780203082041 (ebk.) | ||
| 040 |
_aDLC _cDLC _dDLC |
||
| 042 | _apcc | ||
| 043 | _aa-cc--- | ||
| 050 | 0 | 0 |
_aJZ4997.5.C6 _bW87 2013 |
| 082 | 0 | 0 |
_a341.23/51 _223 |
| 100 | 1 | _aWuthnow, Joel. | |
| 245 | 1 | 0 |
_aChinese diplomacy and the UN Security Council : _bbeyond the veto / _cJoel Wuthnow. |
| 260 |
_aLondon ; _aNew York : _bRoutledge, _c2013. |
||
| 300 |
_a220 p. : _bill. ; _c24 cm. |
||
| 490 | 0 | _aPolitics in Asia series | |
| 504 | _aIncludes bibliographical references (p. [136]-210) and index. | ||
| 610 | 2 | 0 |
_aUnited Nations _zChina. |
| 610 | 2 | 0 |
_aUnited Nations. _bSecurity Council. |
| 651 | 0 |
_aChina _xForeign relations _y21st century. |
|
| 906 |
_a7 _bcbc _corignew _d1 _eecip _f20 _gy-gencatlg |
||
| 942 |
_2ddc _cBK |
||
| 999 |
_c15486 _d15486 |
||